000 00646nam a2200217 i 4500
001 bg
100 1 _aPACHOLSKI, Maksymilian
245 1 0 _aSłownik pojęć socjologicznych dla ekonomistów /
_cMaksymilian Pacholski, Andrzej Słaboń ; Akademia Ekonomiczna w Krakowie.
260 _aKraków :
_bAE,
_c1994.
300 _a70 s. ;
_c20 cm.
504 _aBibliogr. przy hasłach. - Indeks.
650 9 _aSocjologia
655 _aEncyklopedie
700 1 _aSŁABOŃ, Andrzej
710 0 _aAKADEMIA EKONOMICZNA (Kraków)
040 _cBPK
041 0 _apl
080 _a316(03)
942 _cKS
008 s pl f |000 0 pol
999 _c33043
_d33043
856 _uhttp://koha.tu.koszalin.pl/cgi-bin/koha/opac-detail.pl?biblionumber=33043
_yKatalog online BPK